书目信息 |
| 题名: |
项目市场需求管理与建设条件分析
|
|
| 作者: | 王勇 , 王兆阳 编著 | |
| 分册: | ||
| 出版信息: | 北京 中国建筑工业出版社 2015 |
|
| 页数: | 284页 | |
| 开本: | 26cm | |
| 丛书名: | 项目可行性研究与评估丛书 | |
| 单 册: | ||
| 中图分类: | F282 | |
| 科图分类: | ||
| 主题词: | 基本建设项目--市场需求分析 | |
| 电子资源: | ||
| ISBN: | 978-7-112-17474-4 | |
| 000 | 01054nam0 2200253 450 | |
| 001 | 0100004686 | |
| 005 | 20191105090517.24 | |
| 010 | @a978-7-112-17474-4@dCNY39.00 | |
| 100 | @a20150611d2015 em y0chiy50 ea | |
| 101 | 0 | @achi |
| 102 | @aCN@b110000 | |
| 105 | @ay z 000yy | |
| 200 | 1 | @a项目市场需求管理与建设条件分析@f王勇,王兆阳编著@Axiang mu shi chang xu qiu guan li yu jian she tiao jian fen xi |
| 210 | @a北京@c中国建筑工业出版社@d2015 | |
| 215 | @a284页@d26cm | |
| 225 | 2 | @a项目可行性研究与评估丛书 |
| 330 | @a本书阐明了项目前期市场需求管理的思路与建设条件分析中的具体要求,全面系统地介绍了项目前期开展市场分析、管理有关需求、确定具体规模、分析和落实项目厂址、技术方案及配套人力资源的基本原理、主要方法、理论前沿与运用过程。在每章中精选了一些有代表性的案例辅以说明。 | |
| 410 | 0 | @12001 @a项目可行性研究与评估丛书 |
| 606 | 0 | @a基本建设项目@x市场需求分析 |
| 690 | @aF282@v5 | |
| 701 | 0 | @a王勇@4编著@Awang yong |
| 701 | 0 | @a王兆阳@f(1971~)@4编著@Awang zhao yang |
| 801 | 0 | @aCN@c20160515 |
| 905 | @a河南城建学院图书馆@dF282@eW432 | |
| 项目市场需求管理与建设条件分析/王勇,王兆阳编著.-北京:中国建筑工业出版社,2015 |
| 284页;26cm.-(项目可行性研究与评估丛书) |
| ISBN 978-7-112-17474-4:CNY39.00 |
| 本书阐明了项目前期市场需求管理的思路与建设条件分析中的具体要求,全面系统地介绍了项目前期开展市场分析、管理有关需求、确定具体规模、分析和落实项目厂址、技术方案及配套人力资源的基本原理、主要方法、理论前沿与运用过程。在每章中精选了一些有代表性的案例辅以说明。 |
| ● |
| 相关链接 |
|
|
|
正题名:项目市场需求管理与建设条件分析
索取号:F282/W432
 
预约/预借
| 序号 | 登录号 | 条形码 | 馆藏地/架位号 | 状态 | 备注 |
| 1 | 1232348 | 212323485 | 社科二线422/409社科库 100排2列2层/ [索取号:F282/W432] | 在馆 | |
| 2 | 1232349 | 212323494 | 社科二线422/409社科库 100排2列2层/ [索取号:F282/W432] | 在馆 | |
| 3 | 1232350 | 212323500 | 社科二线422/409社科库 100排2列2层/ [索取号:F282/W432] | 在馆 | |
| 4 | 1232351 | 212323519 | 社科库409/409社科库 76排3列4层/ [索取号:F282/W432] | 在馆 | |
| 5 | 1232352 | 212323528 | 社科二线422/422社科库 16排2列6层/ [索取号:F282/W432] | 在馆 | |
| 6 | 1232353 | 212323537 | 社科二线422/422社科库 16排2列6层/ [索取号:F282/W432] | 在馆 | |
| 7 | 1284422 | 212844225 | 社科库409/409社科库 102排5列3层/ [索取号:F282/W432] | 在馆 | |
| 8 | 1284423 | 212844234 | 社科库409/409社科库 102排5列3层/ [索取号:F282/W432] | 在馆 | |
| 9 | 1284424 | 212844243 | 社科二线422/409社科库 100排2列2层/ [索取号:F282/W432] | 在馆 |